[Event "Sautron op 18th"]
[Site "Sautron "]
[Date "2018.10.20"]
[Round "9.11"]
[White "Rabhi, Chamss Eddine"]
[Black "Duboue, Peio"]
[Result "0-1"]
[WhiteElo "1951"]
[BlackElo "2399"]
[PlyCount "61"]
[EventDate "2018.10.20"]
[EventType "swiss"]
[EventRounds "9"]
[EventCountry "FRA"]
[SourceTitle "EXT 2021"]
[Source "ChessBase"]
[SourceDate "2020.10.23"]
[SourceVersion "1"]
[SourceVersionDate "2020.10.23"]
[SourceQuality "1"]

1. Nf3 d5 2. d4 Nf6 3. c4 dxc4 4. Nc3 c6 5. a4 Bf5 6. e3 e6 7. Bxc4 Bb4 8. 0-0 0-0 9. Qe2 Bg6 10. Ne5 Bh5 11. f3 c5 12. Rd1 cxd4 13. exd4 Qa5 14. Qc2 Nc6 15. Nxc6 bxc6 16. Na2 Bd6 17. Qf2 Rab8 18. Qh4 Bg6 19. b3 Bc2 20. Bg5 Bxd1 21. Rxd1 Be7 22. Nc1 Rfd8 23. Ne2 h6 24. Bc1 c5 25. Bxh6 gxh6 26. Qxh6 cxd4 27. Nf4 Qe5 28. Kf1 Nd5 29. Nxd5 exd5 30. Bd3 Qg7 31. g3 0-1

[Event "Sautron op 17th"]
[Site "Sautron"]
[Date "2017.10.26"]
[Round "7.10"]
[White "Hutois, Mickael"]
[Black "Rabhi, Chamss Eddine"]
[Result "1-0"]
[WhiteElo "2192"]
[BlackElo "1947"]
[PlyCount "75"]
[EventDate "2017.10.22"]
[EventType "swiss"]
[EventRounds "9"]
[EventCountry "FRA"]
[SourceTitle "CBM 181 Extra"]
[Source "ChessBase"]
[SourceDate "2017.12.12"]
[SourceVersion "1"]
[SourceVersionDate "2017.12.12"]
[SourceQuality "1"]

1. c4 c6 2. e4 e5 3. Nc3 Nf6 4. Nf3 d6 5. d4 Qc7 6. Be2 Bg4 7. 0-0 Nbd7 8. Be3 Be7 9. Rc1 0-0 10. d5 Bh5 11. Nd2 Bxe2 12. Qxe2 a5 13. a3 Qd8 14. Rfd1 c5 15. Nb5 Ne8 16. g3 Bg5 17. f4 exf4 18. gxf4 Bh6 19. Rf1 Ra6 20. Rf3 f5 21. Bf2 Qf6 22. Bg3 Kh8 23. Rcf1 Qxb2 24. exf5 Rb6 25. Rb3 Qc2 26. Qd3 Qxd3 27. Rxd3 Rxf5 28. Re3 Nef6 29. a4 Kg8 30. Re6 Rh5 31. Rfe1 Ne5 32. fxe5 Bxd2 33. Re2 Bg5 34. exf6 Bxf6 35. Rxd6 Rxd6 36. Nxd6 Bd4+ 37. Kg2 h6 38. Nxb7 1-0

[Event "Nantes op 14th"]
[Site "Nantes"]
[Date "2015.12.29"]
[Round "5"]
[White "Rabhi, Chamss Eddine"]
[Black "Peric, Slavisa"]
[Result "1/2-1/2"]
[WhiteElo "1966"]
[BlackElo "2183"]
[PlyCount "79"]
[EventDate "2015.12.27"]
[EventType "swiss"]
[EventRounds "7"]
[EventCountry "FRA"]
[SourceTitle "CBM 170 Extra"]
[Source "ChessBase"]
[SourceDate "2016.02.25"]
[SourceVersion "1"]
[SourceVersionDate "2016.02.25"]
[SourceQuality "1"]

1. d4 d5 2. c4 c6 3. Nc3 Nf6 4. Nf3 e6 5. e3 Nbd7 6. Bd3 Bd6 7. 0-0 0-0 8. e4 dxc4 9. Bxc4 e5 10. dxe5 Nxe5 11. Nxe5 Bxe5 12. Qxd8 Rxd8 13. f3 Be6 14. Bxe6 fxe6 15. Be3 Rd3 16. Nd1 b6 17. Re1 Rad8 18. Nf2 R3d7 19. Rac1 c5 20. b3 h6 21. g3 Bd4 22. Bxd4 Rxd4 23. Red1 Kf7 24. Kf1 Ke7 25. Ke2 Rxd1 26. Rxd1 Rxd1 27. Nxd1 Kd6 28. h4 b5 29. Ke3 Nd7 30. f4 e5 31. Nc3 a6 32. a4 b4 33. Nd5 Nb8 34. Nb6 Nc6 35. Nc4+ Ke6 36. f5+ Kf6 37. Nd2 h5 38. Kd3 Na5 39. Kc2 Nc6 40. Kd3 1/2-1/2

[Event "Sautron op 15th"]
[Site "Sautron"]
[Date "2015.10.23"]
[Round "2.35"]
[White "Rabhi, Chamss Eddine"]
[Black "Mallet, Gregoire"]
[Result "1-0"]
[WhiteElo "1953"]
[BlackElo "1729"]
[PlyCount "31"]
[EventDate "2015.10.24"]
[EventType "swiss"]
[EventRounds "9"]
[EventCountry "FRA"]
[SourceTitle "EXT 2019"]
[Source "ChessBase"]
[SourceDate "2018.10.10"]
[SourceVersion "1"]
[SourceVersionDate "2018.10.10"]
[SourceQuality "1"]

1. d4 d5 2. c4 e6 3. Nc3 c5 4. e3 Nf6 5. Nf3 Nc6 6. Bd3 dxc4 7. Bxc4 cxd4 8. exd4 Bb4 9. a3 Bxc3+ 10. bxc3 Qa5 11. Qc2 0-0 12. 0-0 Ne7 13. Ne5 Ned5 14. Bd2 Bd7 15. Nxd7 Nxd7 16. Bd3 1-0

[Event "Rohde op 12th"]
[Site "Sautron"]
[Date "2012.11.??"]
[Round "7"]
[White "Marholev, Dimitar"]
[Black "Rabhi, Chamss Eddine"]
[Result "1-0"]
[WhiteElo "2326"]
[BlackElo "1992"]
[PlyCount "51"]
[EventDate "2012.10.27"]
[EventType "swiss"]
[EventRounds "9"]
[EventCountry "FRA"]
[SourceTitle "EXT 2014"]
[Source "ChessBase"]
[SourceDate "2013.11.20"]
[SourceVersion "1"]
[SourceVersionDate "2013.11.20"]
[SourceQuality "1"]

1. e4 e6 2. d4 d5 3. Nd2 Nf6 4. e5 Nfd7 5. Bd3 c5 6. c3 Nc6 7. Ne2 cxd4 8. cxd4 f6 9. exf6 Nxf6 10. Nf3 Bd6 11. 0-0 Qc7 12. Bg5 0-0 13. Bh4 Nh5 14. Qb1 h6 15. Bh7+ Kh8 16. Bg6 Rxf3 17. Bxh5 Rf5 18. Bg6 Rf8 19. Bg3 e5 20. dxe5 Nxe5 21. Bc2 Ng4 22. Qd1 Nxh2 23. Kxh2 Bg4 24. f3 Be6 25. Bxd6 Qxd6+ 26. g3 1-0

[Event "Sautron op 11th"]
[Site "Sautron"]
[Date "2011.10.27"]
[Round "7"]
[White "Duboue, Peio"]
[Black "Rabhi, Chamss Eddine"]
[Result "1-0"]
[WhiteElo "2156"]
[BlackElo "2024"]
[PlyCount "65"]
[EventDate "2011.10.22"]
[EventType "swiss"]
[EventRounds "9"]
[EventCountry "FRA"]
[SourceTitle "EXT 2016"]
[Source "ChessBase"]
[SourceDate "2015.10.08"]
[SourceVersion "1"]
[SourceVersionDate "2015.10.08"]
[SourceQuality "1"]

1. e4 e5 2. Nf3 Nc6 3. Bc4 Bc5 4. 0-0 Nf6 5. d3 d6 6. c3 Ne7 7. Bg5 Ng6 8. d4 exd4 9. cxd4 Bb6 10. Qb3 0-0 11. e5 h6 12. Bxf6 gxf6 13. exd6 Qxd6 14. Nc3 c6 15. Ne4 Qf4 16. Qd3 Kg7 17. Qe3 Rd8 18. h3 Be6 19. Bxe6 fxe6 20. Rad1 Rd5 21. Qe2 Kf7 22. Rfe1 Rg8 23. Nc5 e5 24. Nd3 Qf5 25. dxe5 fxe5 26. Kh1 Kf6 27. Nh2 Rgd8 28. Nb4 Rd4 29. Rxd4 Rxd4 30. Nc2 Rd7 31. Ne3 Qd3 32. Qf3+ Kg7 33. Rd1 1-0

[Event "FRA-chT1B 0809"]
[Site "France"]
[Date "2009.02.07"]
[Round "6.6"]
[White "Chaumont, Adeline"]
[Black "Rabhi, Chamss Eddine"]
[Result "1-0"]
[WhiteElo "2083"]
[BlackElo "2104"]
[PlyCount "73"]
[EventDate "2008.10.19"]
[EventType "team-tourn"]
[EventRounds "11"]
[EventCountry "FRA"]
[SourceTitle "EXT 2010"]
[Source "ChessBase"]
[SourceDate "2010.11.25"]
[SourceVersion "1"]
[SourceVersionDate "2010.11.25"]
[SourceQuality "1"]
[WhiteTeam "Echiquier Berry Sologne"]
[BlackTeam "Nantes"]
[WhiteTeamCountry "FRA"]
[BlackTeamCountry "FRA"]

1. d4 Nf6 2. c4 e6 3. Nc3 d5 4. cxd5 exd5 5. Bg5 Be7 6. e3 0-0 7. Qc2 c6 8. Bd3 Nbd7 9. Nf3 Re8 10. 0-0 Nf8 11. a3 Ne6 12. Bxf6 Bxf6 13. Bxh7+ Kh8 14. Bd3 g6 15. b4 Kg7 16. Rac1 Rh8 17. Ne2 Qd6 18. Ng3 Bd7 19. a4 b6 20. Qd2 Ng5 21. Ne5 Ne4 22. Bxe4 dxe4 23. Nxd7 Qxd7 24. Nxe4 Be7 25. Ng3 Rh4 26. Rfd1 Rah8 27. Nf1 Qd5 28. f3 Bd6 29. f4 Rg4 30. g3 g5 31. Qe2 Qe6 32. Rxc6 gxf4 33. Rxd6 fxg3 34. h3 Qxd6 35. Qxg4+ Kf8 36. Rc1 Ke7 37. Nxg3 1-0

[Event "Gorges op 17th"]
[Site "Gorges"]
[Date "2007.??.??"]
[Round "7"]
[White "Rabhi, Chamss Eddine"]
[Black "Crouan, Stephane"]
[Result "1/2-1/2"]
[WhiteElo "2074"]
[BlackElo "2186"]
[PlyCount "36"]
[EventDate "2007.07.08"]
[EventType "swiss"]
[EventRounds "7"]
[EventCountry "FRA"]
[SourceTitle "CBM 119 Extra"]
[Source "ChessBase"]
[SourceDate "2007.09.04"]
[SourceVersion "1"]
[SourceVersionDate "2007.09.04"]
[SourceQuality "1"]

1. d4 d5 2. c4 e6 3. Nf3 Nf6 4. Nc3 Nbd7 5. e3 Be7 6. Bd3 0-0 7. 0-0 b6 8. cxd5 exd5 9. Ne5 Bb7 10. Bd2 c5 11. Rc1 a6 12. Bb1 Re8 13. Be1 Bf8 14. Nxd7 Nxd7 15. dxc5 Nxc5 16. b4 Ne4 17. Nxe4 dxe4 18. Bc3 Qg5 1/2-1/2

[Event "FRA-chT3 Gr5 "]
[Site "Bretagne"]
[Date "2006.??.??"]
[Round "8.2"]
[White "Roussel, Aurelien"]
[Black "Rabhi, Chamss Eddine"]
[Result "1-0"]
[WhiteElo "2052"]
[BlackElo "2072"]
[PlyCount "107"]
[EventDate "2006.??.??"]
[EventType "team"]
[EventRounds "9"]
[EventCountry "FRA"]
[SourceTitle "EXT 2007"]
[Source "ChessBase"]
[SourceDate "2006.11.23"]
[SourceVersion "1"]
[SourceVersionDate "2006.11.23"]
[SourceQuality "1"]
[WhiteTeam "Saint Nazaire"]
[WhiteTeamCountry "FRA"]

1. e4 e6 2. d4 d5 3. exd5 exd5 4. Bd3 Bd6 5. Qf3 c6 6. Ne2 Nf6 7. h3 Be6 8. 0-0 0-0 9. Bf4 Qc7 10. Nd2 Nbd7 11. c3 Rfe8 12. Rfe1 h6 13. Bxd6 Qxd6 14. Nf4 Nf8 15. Re3 Bd7 16. Rae1 N8h7 17. Rxe8+ Rxe8 18. Rxe8+ Bxe8 19. Qe3 Ng5 20. h4 Ne6 21. Nxe6 Qxe6 22. Qxe6 fxe6 23. Kf1 Kf8 24. Ke2 Ke7 25. f3 Nh5 26. Ke3 g5 27. hxg5 hxg5 28. Nf1 Nf4 29. g3 Nxd3 30. Kxd3 c5 31. Nd2 Bg6+ 32. Ke3 c4 33. Nf1 b5 34. Nh2 Bf5 35. g4 Bb1 36. a3 Kf6 37. f4 Be4 38. Nf1 Bd3 39. Nd2 a5 40. Nf3 gxf4+ 41. Kxf4 Bg6 42. g5+ Ke7 43. Ke5 Bf5 44. Nh4 Bh3 45. Ng6+ Kf7 46. Nf4 Bf5 47. Nxd5 Bh3 48. g6+ Kg7 49. Nf4 Bg4 50. Nxe6+ Kxg6 51. Nc7 Kf7 52. Nxb5 Ke7 53. Kd5 Be6+ 54. Kc5 1-0

[Event "FRA-chT2A 0506"]
[Site "France"]
[Date "2005.11.20"]
[Round "3.7"]
[White "Renault, Fabien"]
[Black "Rabhi, Chamss Eddine"]
[Result "1-0"]
[WhiteElo "2104"]
[BlackElo "2076"]
[PlyCount "71"]
[EventDate "2005.10.27"]
[EventType "team-tourn"]
[EventRounds "11"]
[EventCountry "FRA"]
[SourceTitle "EXT 2006"]
[Source "ChessBase"]
[SourceDate "2005.11.24"]
[SourceVersion "1"]
[SourceVersionDate "2005.11.24"]
[SourceQuality "1"]
[WhiteTeam "Saint Lo"]
[BlackTeam "Nantes"]
[WhiteTeamCountry "FRA"]
[BlackTeamCountry "FRA"]

1. e4 e6 2. d4 d5 3. e5 c5 4. c3 Nc6 5. Be3 Nge7 6. Nf3 Nf5 7. Bd3 Be7 8. 0-0 0-0 9. Bxf5 exf5 10. dxc5 Qc7 11. Bd4 Nd8 12. b4 Ne6 13. Re1 Bd7 14. Nbd2 b6 15. cxb6 axb6 16. Qb3 g5 17. Nf1 Ba4 18. Qb1 g4 19. N3d2 Nxd4 20. cxd4 Bc2 21. Qb2 f4 22. Rac1 Rfc8 23. Nb1 Qc4 24. a3 Qd3 25. g3 fxg3 26. hxg3 Bg5 27. Ne3 Bxb1 28. Qxb1 Qxb1 29. Rxb1 Bxe3 30. Rxe3 Rc2 31. e6 f6 32. e7 Kf7 33. Rbe1 Re8 34. Re6 Rc3 35. Rxb6 Rxa3 36. Rd6 1-0

[Event "Rohde op 05th"]
[Site "Sautron"]
[Date "2005.10.30"]
[Round "9"]
[White "Ivanov, Jordan"]
[Black "Rabhi, Chamss Eddine"]
[Result "1-0"]
[WhiteElo "2359"]
[BlackElo "2076"]
[PlyCount "53"]
[EventDate "2005.10.22"]
[EventType "swiss"]
[EventRounds "9"]
[EventCountry "FRA"]
[SourceTitle "EXT 2006"]
[Source "ChessBase"]
[SourceDate "2005.11.24"]
[SourceVersion "1"]
[SourceVersionDate "2005.11.24"]
[SourceQuality "1"]

1. d4 d5 2. c4 c6 3. Nf3 e6 4. Nc3 Nf6 5. Bg5 dxc4 6. e4 b5 7. e5 h6 8. Bh4 g5 9. Nxg5 hxg5 10. Bxg5 Nbd7 11. g3 Qb6 12. exf6 Bb7 13. Bg2 0-0-0 14. 0-0 c5 15. d5 Bh6 16. Bxh6 Rxh6 17. dxe6 fxe6 18. Bxb7+ Qxb7 19. Qg4 Rxh2 20. Ne4 Rdh8 21. Qxe6 Kb8 22. f7 Rh1+ 23. Kg2 R1h2+ 24. Kf3 R2h6 25. Qe8+ Kc7 26. Rad1 Qc6 27. Rfe1 1-0

[Event "FRA-chT3 0405"]
[Site "France"]
[Date "2005.04.03"]
[Round "9"]
[White "Tripoteau, Nicolas"]
[Black "Rabhi, Chamss Eddine"]
[Result "1-0"]
[WhiteElo "2250"]
[BlackElo "2100"]
[PlyCount "77"]
[EventDate "2004.10.10"]
[EventType "team"]
[EventRounds "9"]
[EventCountry "FRA"]
[SourceTitle "EXT 2007"]
[Source "ChessBase"]
[SourceDate "2006.11.23"]
[SourceVersion "1"]
[SourceVersionDate "2006.11.23"]
[SourceQuality "1"]

1. d4 Nf6 2. Bg5 d5 3. Bxf6 exf6 4. c4 Bb4+ 5. Nc3 0-0 6. e3 Re8 7. Qb3 Nc6 8. Nf3 Bg4 9. 0-0-0 Bxc3 10. Qxc3 Qe7 11. c5 a6 12. Kb1 a5 13. Ka1 Nb4 14. b3 Reb8 15. a3 b5 16. Kb2 c6 17. Be2 Na6 18. Qc2 g6 19. Bd3 Ra7 20. Rde1 Rba8 21. h3 Be6 22. g4 Nb8 23. Rhg1 Nd7 24. h4 Nb8 25. h5 Na6 26. Qd2 g5 27. h6 Qd7 28. e4 dxe4 29. Bxe4 a4 30. b4 Rd8 31. Rd1 Nc7 32. Bc2 Qd5 33. Qd3 Qa2+ 34. Kc1 f5 35. Nxg5 Bc4 36. Qc3 Nd5 37. Qb2 Qxb2+ 38. Kxb2 f4 39. Bxh7+ 1-0

[Event "Rohde op 04th"]
[Site "Sautron "]
[Date "2004.10.31"]
[Round "9"]
[White "Rabhi, Chamss Eddine"]
[Black "Dobrev, Nanko"]
[Result "1-0"]
[WhiteElo "2094"]
[BlackElo "2416"]
[PlyCount "57"]
[EventDate "2004.10.23"]
[EventType "swiss"]
[EventRounds "9"]
[EventCountry "FRA"]
[SourceTitle "EXT 2006"]
[Source "ChessBase"]
[SourceDate "2005.11.24"]
[SourceVersion "1"]
[SourceVersionDate "2005.11.24"]
[SourceQuality "1"]

1. d4 Nf6 2. Nf3 e6 3. c4 Bb4+ 4. Nc3 0-0 5. Qc2 d5 6. e3 b6 7. cxd5 exd5 8. Bd3 a6 9. Bd2 Re8 10. 0-0 Nc6 11. a3 Bxc3 12. Bxc3 g6 13. b4 Bd7 14. Bb2 Re7 15. Rac1 Ne8 16. Ne5 Nb8 17. a4 b5 18. a5 Be6 19. h4 f6 20. Nc6 Nxc6 21. Qxc6 f5 22. Bc3 Nd6 23. f3 Bf7 24. Rce1 Re6 25. Qxd5 c6 26. Qc5 Nb7 27. Qb6 Qd7 28. d5 cxd5 29. Qd4 1-0

[Event "Gorges op 14th"]
[Site "Gorges"]
[Date "2004.07.08"]
[Round "6"]
[White "Mullon, Jean Baptiste"]
[Black "Rabhi, Chamss Eddine"]
[Result "1-0"]
[WhiteElo "2327"]
[BlackElo "2089"]
[PlyCount "73"]
[EventDate "2004.07.08"]
[EventType "swiss"]
[EventRounds "7"]
[EventCountry "FRA"]
[SourceTitle "EXT 2005"]
[Source "ChessBase"]
[SourceDate "2004.11.15"]
[SourceVersion "1"]
[SourceVersionDate "2004.11.15"]
[SourceQuality "1"]

1. e4 e5 2. Nf3 Nf6 3. Nc3 Bb4 4. Nxe5 d6 5. Nd3 Bxc3 6. dxc3 Nxe4 7. Be2 0-0 8. 0-0 Nc6 9. Nf4 Ne5 10. c4 Bf5 11. Nd5 Be6 12. f3 Nf6 13. Bg5 Bxd5 14. cxd5 h6 15. Be3 Re8 16. Bf2 Ng6 17. Re1 Nf4 18. Bf1 N4xd5 19. Qd4 c5 20. Qd2 a6 21. Rxe8+ Qxe8 22. c4 Nb4 23. a3 Qa4 24. Qxd6 Nc6 25. Qxc5 Nd7 26. Qe3 Nce5 27. b4 a5 28. Rb1 axb4 29. axb4 Qc2 30. Qc1 Qg6 31. Kh1 Qh5 32. Ra1 Re8 33. Bg3 Nf6 34. Ra5 Qf5 35. Qa1 Nfd7 36. f4 b6 37. Rd5 1-0